| 000 | 01079 a2200265 4500 | ||
|---|---|---|---|
| 999 |
_c160208 _d26459 |
||
| 001 | 160208 | ||
| 003 | TR-AnTOB | ||
| 005 | 20230811152420.0 | ||
| 008 | 071010s2003 tu 00000 tur | ||
| 040 |
_aTOBB ETÜ _beng _cTR-AnTOB _erda |
||
| 041 | _atur | ||
| 050 | 1 |
_aHD2056.7 _b.K66 2003 TOBBK |
|
| 090 | _aHD2056.7 .K66 2003 TOBBK | ||
| 245 | 0 |
_aKonya ili tarım master planı : _bİl tarım ve kırsal kalkınma master planlarının hazırlanmasına destek projesi / _cT. C. Tarım ve Köyişleri Bakanlığı Araştırma Planlama ve Koordinasyon Kurulu Başkanlığı Konya Tarım İl Müdürlüğü Konya Tarımsal Master Plan Hazırlama Ekibi Necati Duran...[ve başkl.]. |
|
| 264 | 1 |
_a[Konya]: _bTarım ve Köy İşleri Bakanlığı Konya Tarım İl Müdürlüğü, _c2003. |
|
| 300 |
_a197 s.: _bhrt.,tabl.; _c29 cm. |
||
| 650 | 0 |
_aTarım ve devlet _zTürkiye _zKonya _966404 |
|
| 650 | 0 |
_aAgriculture and state _zTurkey _zKonya _966405 |
|
| 700 | 1 |
_aDuran, Necati _966401 |
|
| 700 | 1 |
_aKır, Reşat _966402 |
|
| 901 | _aT000382 | ||
| 902 | _aMÇ | ||
| 942 |
_cBK _2lcc |
||